Potreba ekonomického vzdelávania v programoch sekundárnych škôl

Význam ekonomického vzdelávania v hospodársko-spoločenských podmienkach SR. Vzťah výučby ekonomických predmetov k formovaniu osobnosti žiakov. Ciele a úlohy ekonomickej výchovy a vzdelávania v školskej sústave SR. Ekonomická výchova a vzdelávanie na stredných školách. Obsah ekonomickej výchovy a vzd...

Full description

Saved in:
Bibliographic Details
Main Author: Novák, Jaromír, 1978-
Format: Book Chapter
Language:Slovak
Subjects:
Tags: Add Tag
No Tags, Be the first to tag this record!

MARC

LEADER 00000naa$a2200000$$$4500
001 0100436
005 20240502072111.7
041 0 |a slo 
044 |a SK 
245 1 0 |a Potreba ekonomického vzdelávania v programoch sekundárnych škôl  |c Jaromír Novák 
520 |a Význam ekonomického vzdelávania v hospodársko-spoločenských podmienkach SR. Vzťah výučby ekonomických predmetov k formovaniu osobnosti žiakov. Ciele a úlohy ekonomickej výchovy a vzdelávania v školskej sústave SR. Ekonomická výchova a vzdelávanie na stredných školách. Obsah ekonomickej výchovy a vzdelávania podľa druhu a typu strednej školy. 
610 2 0 |a vzdelávanie 
610 2 0 |a didaktika 
610 2 0 |a ekonómia 
610 2 0 |a predmety učebné 
610 2 0 |a študenti 
610 2 0 |a vzdelanie odborné 
610 2 0 |a školy stredné 
610 2 0 |a Slovensko 
100 1 |a Novák, Jaromír, 1978-